| 000 | 00579nam a2200181 i 4500 | ||
|---|---|---|---|
| 001 | 27861 | ||
| 003 | ES-MaACL | ||
| 005 | 20230906153723.0 | ||
| 007 | t| | ||
| 008 | 030115s1970 sp ||||1| spa d | ||
| 080 | _a352:336.12(460.358) | ||
| 110 | 1 |
_aAlmería. _bAyuntamiento. _91338 |
|
| 245 | 1 | 0 |
_aPresupuesto ordinario y especial de urbanismo, 1970 / _cAyuntamiento de Almería. |
| 260 |
_aAlmería : _b[Ayuntamiento de Almería, _c1970] ( _fImp. Emilio Orihuela) |
||
| 300 |
_a161 p. ; _c24 cm. |
||
| 650 | 4 |
_aPresupuestos- _zAlmería. _9174535 |
|
| 852 | 4 |
_aES-MaACL _jC-41335 |
|
| 999 |
_c27861 _d27861 |
||